000 00989nam a2200313 i 4500
001 198252
003 ES-MaACL
005 20260423165451.0
007 ta
008 260422s1970 ag ||||| |||| 001 1 spa d
040 _bspa
_cES-MaACL
044 _aag
080 _a821.111(73)-32"19"
100 1 _aWright, Richard
_4aut
_9117421
_eaut
240 1 0 _aPagan Spain.
_lEspañol
_9243017
245 1 0 _aEspaña pagana /
_cRichard Wright ; traducción de Aníbal Leal
264 1 _aBuenos Aires :
_bEditorial La Pléyade,
_c1970
300 _a256 páginas ;
_c21 cm
336 _2rdacontent
_aTexto
337 _2rdamedia
_asin mediación
338 _2rdacarrier
_avolumen
500 _aRegistro provisional
500 _aÍndice
655 4 _aNovelas históricas
_9226782
852 _aES-MaACL
_cDES
_jDB-13
_hDonación: Miguel Guedán
_xEncuadernación rústica con solapas
_9207224
942 _cMONOGRAFIA
_n0
999 _c198252
_d198252